Barcelona Squad 2020-2021 - Statistics

General Stats
  • This quiz has been taken 114 times
  • The average score is 18 of 26
Answer Stats
# Position Nationality Player % Correct
1 GK Germany Marc Andre Ter-Stegen
100%
10 RW Argentina Lionel Messi
98%
5 CDM Spain Sergio Busquets
97%
3 CB Spain Gerard Pique
94%
2 RB United States Sergino Dest
94%
11 RW France Ousmane Dembele
93%
7 ST France Antoine Griezmann
91%
8 CM Bosnia and Herzegovina Miralem Pjanic
89%
21 CM Netherlands Frenkie De Jong
85%
18 LB Spain Jordi Alba
83%
23 CB France Samuel Umtiti
83%
15 CB France Clement Lenglet
76%
9 ST Denmark Martin Braithwaite
75%
20 RB Spain Sergi Roberto
75%
13 GK Brazil Neto
74%
4 CB Uruguay Ronald Araujo
73%
16 CAM Spain Pedri
72%
14 CAM Brazil Philippe Coutinho
72%
22 LW Spain Ansu Fati
69%
17 RW Portugal Trincao
58%
12 CM Spain Riqui Puig
43%
24 LB Spain Junior Firpo
38%
26 GK Spain Inaki Pena
37%
6 CM Spain Carles Alena
33%
19 CDM Brazil Matheus Fernandes
17%
29 CB United States Konrad
11%
No matching quizzes found
Score Distribution
Percent of People with Each Score
Percentile by Number Answered
Your Score History
You have not taken this quiz